| 000 | 00428nam a2200145Ia 4500 | ||
|---|---|---|---|
| 008 | 211109s9999||||xx |||||||||||||| ||und|| | ||
| 082 |
_a894.8121 _bKER-M |
||
| 100 | _aKeralavarma Valiyakoyithampuran, | ||
| 245 | 0 | _aMayoora Sandesham-Keralahridayam | |
| 260 |
_bNational Book Stall _aKottayam _c1965 |
||
| 300 | _a176p. | ||
| 630 | _xGeneral Stack | ||
| 650 |
_aMalayalam Literature _vMalayalam Poetry _xMalayalam |
||
| 942 | _cBOOK | ||
| 999 |
_c1181 _d1181 |
||